Polyméry s odtlačkom molekuly ako selektívne sorbenty pre extrakciu kumarínov bakalárska práca

Salvato in:
Dettagli Bibliografici
Autore principale: Akbariová, Viktória
Natura: Libro
Lingua:slovacco
Pubblicazione: Bratislava STU FCHPT 2015
Accesso online:Visualizza in OPAC
Tags: Aggiungi Tag
Nessun Tag, puoi essere il primo ad aggiungerne!!

MARC

LEADER 00000nam a2200000 a 4500
005 20260127134408.0
008 151118 2015 000 0 slo d
035 |a vtls011317972 
039 9 |y 201511181321  |z mschk03 
040 |a STUSCHK1  |b slo  |c STUSCHK1  |e AACR2 
100 1 |a Akbariová, Viktória 
245 1 |a Polyméry s odtlačkom molekuly ako selektívne sorbenty pre extrakciu kumarínov  |b bakalárska práca  |c Viktória Akbariová 
260 |a Bratislava  |b STU FCHPT  |c 2015 
300 |a 42 s.  |b il.  |c 25 cm 
500 |a Šudijný program: chémia, medicínska chémia a chemické materiály 
500 |a Študijný odbor: chémia, chemické technológie 
500 |a Školiace pracovisko: Odd. analytickej chémie 
500 |a Evid. číslo: FCHPT-13569-61082 
910 |a SCHK95 
999 |c 11703  |d 11703